书目信息 |
| 书名: | Electromagnetic compatibility design guide for avionics and related ground support equipment | |
| 作者: | ||
| 分册号: | ||
| 分册名: | 出版地: | Dedham, Mass. : |
|
| 出版社: | Artech House, Inc | |
| 出版时间: | 1981. | |
| 页数: | 1 v. (various pagings) : | |
| 开本: | 26 cm. : | |
| 丛书名: | ||
| 中图分类号: | ||
| 科图分类号: | ||
| 其他分类号: | V243 | |
| 主题词: | ||
| 电子资源: | ||
| 000 | 00634nam 2200193 a 4500 | |
| 001 | E0730859111 | |
| 005 | 20070728083704.81 | |
| 008 | uu | |
| 008 | 001 0 eng | |
| 040 | @aNLC | |
| 049 | @aN5LA | |
| 090 | @a2-85/V243/E38////////////*976915-6/ 2cop. | |
| 090 | @aV243 | |
| 096 | @aV243 @v2 | |
| 099 | @dV243@ex5 | |
| 245 | 00 | @aElectromagnetic compatibility design guide for avionics and related ground support equipment |
| 260 | @aDedham, Mass. :@bArtech House, Inc.,@c1981. | |
| 300 | @a1 v. (various pagings) :@bill. ;@c26 cm. :@b00 ;@c20020930@lNLC09@h2246@lNLC09@h2257@lNLC09@h1848 | |
| 852 | 9 | @bWWJC @cJ08N @k2-85 @hV243 @iE38 |
| Electromagnetic compatibility design guide for avionics and related ground support equipment.-Dedham, Mass. : : Artech House, Inc., , 1981. |
| 1 v. (various pagings) : : ill. ; ; 26 cm. : : 00 ; ; 20020930 |
| ISBN |
| ● |
| 相关链接 |
|
|
|
|
正题名:Electromagnetic compatibility design guide for avionics and related ground support equipment
索取号:V243/x5
 
预约/预借
| 序号 | 登录号 | 条形码 | 馆藏地/架位号 | 状态 | 备注 |
| 1 | 0014456 | 300144564 | 第二样本阅览室/ [索取号:V243/x5] | 在馆 | |
| 2 | 0014457 | 300144573 | 密集书库/ [索取号:V243/x5] | 在馆 |